Fatawa Islamiyah Islamic Verdicts (Vol-5) / (Record no. 197088)
[ view plain ]
| 000 -LEADER | |
|---|---|
| fixed length control field | 00889 a2200157 4500 |
| 003 - CONTROL NUMBER IDENTIFIER | |
| control field | NUST |
| 005 - DATE AND TIME OF LATEST TRANSACTION | |
| control field | 20221209150453.0 |
| 040 ## - CATALOGING SOURCE | |
| Transcribing agency | Nust |
| 082 ## - DEWEY DECIMAL CLASSIFICATION NUMBER | |
| Classification number | 297.55,BAZ |
| 100 ## - MAIN ENTRY--PERSONAL NAME | |
| Personal name | Baz, Shaykh Abdul Aziz bin Abdullah bin |
| 9 (RLIN) | 104566 |
| 245 ## - TITLE STATEMENT | |
| Title | Fatawa Islamiyah Islamic Verdicts (Vol-5) / |
| Statement of responsibility, etc. | Shaykh Abdul Aziz bin Abdullah bin Baz |
| 260 ## - PUBLICATION, DISTRIBUTION, ETC. | |
| Place of publication, distribution, etc. | London |
| Name of publisher, distributor, etc. | Darussalam |
| Date of publication, distribution, etc. | 2001 |
| 300 ## - PHYSICAL DESCRIPTION | |
| Extent | 456 p .: |
| 505 ## - FORMATTED CONTENTS NOTE | |
| Formatted contents note | Insurance & Other Issues (Page-19), The Book of Waqf (Endowmwnts) (Page-34), The Book of Al-Wasays (Wills and Testaments) (Page-57), The Book of Al-Fara idh (The Shares of Inheritance) (Page-78)m The Book of Marriage (Page-100)m Miscellaneous Rulings on Marriage (Page-168)m Those Whom it is Forbiddent to Marry (Page-211), Rulings on Marrying Jewish and Christian Women (Page-281), Relationships with Women (Page-365), Misconduct in Marriage (Page-440). |
| 942 ## - ADDED ENTRY ELEMENTS (KOHA) | |
| Source of classification or shelving scheme | |
| Koha item type | Book |
| Call number prefix | 297.55,BAZ |
| Withdrawn status | Lost status | Source of classification or shelving scheme | Damaged status | Not for loan | Permanent Location | Current Location | Shelving location | Date acquired | Full call number | Barcode | Date last seen | Price effective from | Koha item type | Public note | Collection code | Total Checkouts |
|---|---|---|---|---|---|---|---|---|---|---|---|---|---|---|---|---|
| Military College of Signals (MCS) | Military College of Signals (MCS) | General Stacks | 12/12/2016 | 297.55,BAZ | MCS33088 | 12/08/2016 | 12/12/2016 | Book | Almirah No.47, Shelf No.4 | |||||||
| Military College of Signals (MCS) | Military College of Signals (MCS) | 12/12/2016 | 297.55 BAZ | MCS33089 | 12/08/2016 | 12/12/2016 | Book | |||||||||
| Military College of Signals (MCS) | Military College of Signals (MCS) | 12/12/2016 | 297.55 BAZ | MCS33090 | 12/08/2016 | 12/12/2016 | Book |
